Statistics for The Cameroon Country Quiz

Click here to take the quiz!

General Stats

  • This quiz has been taken 10 times
    (9 since last reset)
  • The average score is 11 of 23

Answer Stats

HintAnswer% Correct
Bordering countriesChad
89%
Bordering gulfGulf of {Guinea}
89%
Official languagesEnglish
78%
Official languagesFrench
78%
Bordering countriesNigeria
78%
Number of regions10
67%
CurrencyCentral African CFA franc
67%
Bordering countriesCentral African Republic
67%
Bordering countriesCongo
67%
Big port cityDouala
67%
Capital cityYaoundé
67%
Bordering countriesEquatorial Guinea
56%
Bordering countriesGabon
44%
Highest pointMount {Cameroon}
44%
Explorers from this country visited in the 15th centuryPortugal
44%
Plateau above the central region, also a regionAdamawa
22%
Bordering bightBight of {Biafra}
11%
Northernmost regionFar North
11%
Longest-ruling non-royal world leaderPaul Biya
11%
The above is on this river{Wouri} River
11%
Until 1971, this war was fought between France and the UPC{Bamileke} War
0%
Biggest ethnic group (31%)Cameroon {Highlander}s
0%
The above explorers named the area this{Shrimp} River
0%

Score Distribution

Percentile by Number Answered

Percent of People with Each Score

Your Score History

You have not taken this quiz since the last reset